000 00342nam a2200169Ia 4500
100 _aMcNab/Chris
650 _aNetworking
942 _cBK
366 _f20
654 _anetwork security
245 _aNetwork security Assessment
260 _bShroff
_c2017
082 _a5.8
_bMCN
300 _a470
546 _aENGLISH
999 _c33118
_d33118